• 首页
  • 本馆介绍
  • 公告通知
  • 最新文献
  • 馆藏检索
  • 电子资源
  • 读者导购
  • 参考咨询
  • 我的图书馆
  • 登录
  • 详细信息显示
  • 放入我的书架
  • 预约/预借图书
  • 作者相关作品
  • 分类相关作品
  • 丛书相关作品
  • 出版社相关作品

书目信息

  • 表格格式
  • 工作单格式
  • 卡片格式
题名:
蚕业史话
    
 
作者: 章楷 著
分册:  
出版信息: 北京   中华书局  1979
页数: 41页
开本: 19cm
丛书名: 中国历史小丛书
单 册:
中图分类: F326.3
科图分类:
主题词: 蚕业--发展史--中国
电子资源:
ISBN:
000 00636nam2 2200253 45
001 0179007966
005 20060814174733.45
010    @d¥0.11
091    @aCN@b11018.519
100    @a19950714d1979 em y0chiy0121 ea
101 0  @achi
102    @aCN@b110000
105    @ay z 000yy
200 10 @a蚕业史话@Acan ye shi hua@f章 楷著
205    @a第2版
210    @a北京@c中华书局@d1979
215    @a41页@d19cm
225 2  @a中国历史小丛书
410    @120010@a中国历史小丛书
606    @a蚕业@x发展史@y中国
690    @aF326.3@v3
701  0 @a章楷@Azhang kai@4著
801  0 @aCN@bTSSF@c20060814
905    @a10447@dF326.3@e44=2
    
    蚕业史话/章 楷著.-第2版.-北京:中华书局,1979
    41页;19cm.-(中国历史小丛书)
    
    
    ISBN :¥0.11
    
●
相关链接 在E读中查询图书 在五车中查询图书 在当当中查询图书 在豆瓣中查询图书


正题名:蚕业史话     索取号:F326.3/44=2         预约/预借

序号 登录号 条形码 馆藏地/架位号 状态 备注
1 0426143   204261431   密集书库/ [索取号:F326.3/44=2] 在馆    
2 0435244   204352440   密集书库/ [索取号:F326.3/44=2] 在馆    
3 0435245   204352459   密集书库/ [索取号:F326.3/44=2] 在馆    
4 0441275   204412750   密集书库/ [索取号:F326.3/44=2] 在馆    
5 0441276   204412769   密集书库/ [索取号:F326.3/44=2] 在馆    
6 0441277   204412778   密集书库/ [索取号:F326.3/44=2] 在馆    
7 0441278   204412787   密集书库/ [索取号:F326.3/44=2] 在馆    
8 0447129   204471295   密集书库/ [索取号:F326.3/44=2] 在馆    
9 0460007   204600075   密集书库/ [索取号:F326.3/44=2] 在馆    
唐山师范学院图书馆 欢迎您!
大连网信软件有限公司© 版权所有